Music Quiz

Random Music or Album Quiz

Paul Simon songs Quiz Stats

Quiz not verified by Sporcle

Challenge
Share
Tweet
Embed
Score 0/106 Timer 08:00
0 Plays Today
Album Song % Correct
GracelandGraceland
87.8%
Still Crazy After All These YearsStill Crazy After All These Years
85.1%
Hearts and BonesHearts and Bones
79%
GracelandYou Can Call Me Al
76.3%
GracelandDiamonds on the Soles of Her Shoes
72.6%
Paul SimonMe and Julio Down by the Schoolyard
72.3%
There Goes Rhymin' SimonKodachrome
71.7%
GracelandThe Boy in the Bubble
69.9%
One-Trick PonyOne-Trick Pony
67.5%
Paul SimonMother and Child Reunion
66.9%
Still Crazy After All These Years50 Ways to Leave Your Lover
59.3%
One-Trick PonyLate in the Evening
57.8%
Paul SimonDuncan
57.4%
You're the OneLove
57.1%
The Rhythm of the SaintsThe Rhythm of the Saints
55%
You're the OneYou're the One
54.7%
There Goes Rhymin' SimonLoves Me Like a Rock
53.2%
GracelandHomeless
51.7%
GracelandUnder African Skies
50.8%
There Goes Rhymin' SimonAmerican Tune
49.8%
GracelandI Know What I Know
48.3%
The Rhythm of the SaintsThe Obvious Child
46.2%
GracelandGumboots
43.5%
There Goes Rhymin' SimonSt. Judy's Comet
42.2%
GracelandThat Was Your Mother
42.2%
Hearts and BonesThe Late Great Johnny Ace
41.9%
Still Crazy After All These YearsMy Little Town
41.6%
There Goes Rhymin' SimonOne Man's Ceiling is Another Man's Floor
41.3%
There Goes Rhymin' SimonTake Me to the Mardi Gras
40.7%
Hearts and BonesTrain in the Distance
38.6%
Hearts and BonesAllergies
36.8%
Still Crazy After All These YearsGone at Last
33.7%
Paul SimonPapa Hobo
33.4%
Hearts and BonesThink Too Much
33.1%
Hearts and BonesCars are Cars
32.2%
GracelandAll Around the World or the Myth of Fingerprints
32.2%
Album Song % Correct
SurpriseFather and Daughter
31.9%
There Goes Rhymin' SimonSomething so Right
31.6%
The Rhythm of the SaintsThe Cool, Cool River
31%
GracelandCrazy Love, Vol. II
30.7%
Paul SimonHobo's Blues
29.5%
Paul SimonRun That Body Down
28.9%
Hearts and BonesRene and Georgette Magritte with Their Dog after the War
28.9%
Paul SimonPeace Like a River
28.3%
The Rhythm of the SaintsBorn at the Right Time
28.3%
Paul SimonParanoia Blues
27.4%
Paul SimonCongratulations
27.1%
The Rhythm of the SaintsProof
27.1%
One-Trick PonyAce in the Hole
25.8%
The Rhythm of the SaintsCan't Run But
25.8%
There Goes Rhymin' SimonTenderness
24.9%
Songs from the CapemanBernadette
24.9%
Paul SimonArmistice Day
24.6%
Hearts and BonesSong About the Moon
24%
There Goes Rhymin' SimonWas a Sunny Day
23.7%
One-Trick PonyOh, Marion
23.7%
There Goes Rhymin' SimonLearn How to Fall
22.8%
The Rhythm of the SaintsThe Coast
22.2%
SurpriseHow Can You Live in the Northeast
21.9%
Still Crazy After All These YearsNight Game
21.3%
Still Crazy After All These YearsSilent Eyes
21%
Hearts and BonesWhen Numbers Get Serious
21%
You're the OneOld
20.7%
Paul SimonEverything Put Together Falls Apart
20.4%
You're the OneDarling Lorraine
19.8%
The Rhythm of the SaintsShe Moves On
19.5%
Songs from the CapemanAdios Hermanos
19.1%
One-Trick PonyJonah
18.2%
One-Trick PonyLong, Long Day
18.2%
Songs from the CapemanThe Vampires
18.2%
You're the OnePigs, Sheep and Wolves
18.2%
One-Trick PonyGod Bless the Absentee
17.9%
Album Song % Correct
The Rhythm of the SaintsSpirit Voices
17.9%
Songs from the CapemanBorn in Puerto Rico
17.6%
Songs from the CapemanBorn in Puerto Rico
17.6%
You're the OneHurricane Eye
17.6%
One-Trick PonyThat's Why God Made the Movies
16.4%
One-Trick PonyHow the Heart Approaches What it Yearns
16.4%
Still Crazy After All These YearsHave a Good Time
16.1%
You're the OneThe Teacher
16.1%
Songs from the CapemanKiller Wants to Go to College
15.8%
You're the OneThat's Where I Belong
14.6%
SurpriseOutrageous
13.7%
Still Crazy After All These YearsSome Folks' Lives Roll Easy
13.4%
Still Crazy After All These YearsYou're Kind
13.4%
One-Trick PonyNobody
12.8%
The Rhythm of the SaintsFurther to Fly
12.8%
Songs from the CapemanTrailways Bus
12.2%
Songs from the CapemanSatin Summer Nights
10.9%
SurpriseWartime Prayers
10.6%
SurpriseBeautiful
10.6%
You're the OneQuiet
10.3%
Songs from the CapemanCan I Forgive Him
9.1%
SurpriseEverything About it is a Love Song
8.8%
SurpriseAnother Galaxy
8.8%
SurpriseOnce Upon a Time There was an Ocean
7.6%
Songs from the CapemanVirgil
7%
SurpriseSure Don't Feel Like Love
6.7%
Songs from the CapemanTime is an Ocean
6.1%
SurpriseThat's Me
5.8%
Songs from the CapemanQuality
5.5%
Songs from the CapemanShoplifting Clothes
5.2%
You're the OneLook at That
5.2%
SurpriseI Don't Believe
3.3%
Songs from the CapemanSunday Afternoon
1.8%
You're the OneSeƱorita with a Necklace of Tears
0.9%

You're not logged in!

Compare scores with friends on all Sporcle quizzes.
Sign Up with Email
OR
Log In

You Might Also Like...

Show Comments

Extras

Top Quizzes Today


Score Distribution

Your Account Isn't Verified!

In order to create a playlist on Sporcle, you need to verify the email address you used during registration. Go to your Sporcle Settings to finish the process.